Statistics for FIFA 22 TOTW 8

Click here to take the quiz!

General Stats

  • This quiz has been taken 12 times
  • The average score is 11 of 23

Answer Stats

ClubPositionRatingAnswer% Correct
Celta VigoST86Iago Aspas
89%
SevillaLB86Marcos Acuna
89%
PSGLW92Neymar
89%
Man CityLB87Joao Cancelo
78%
Bayern MunichCM88Leon Goretzka
78%
Borussia MonchengladbachGK86Yann Sommer
78%
ArsenalCB81Ben White
67%
West HamCB84Kurt Zouma
67%
LensRWB84Jonathan Clauss
56%
LazioCM86Luis Alberto
56%
RB LeipzigST86Christopher Nkunku
44%
GironaST81Cristhian Stuani
44%
BenficaLW83Everton Soares
44%
River PlateST84Julian Alvarez
44%
EspanyolCM82Sergi Darder
44%
Norwich CityCDM81Mathias Normann
33%
FulhamRM81Harry Wilson
22%
NancyST76Mickael Biron
22%
AC MilanGK81Ciprian Tatarusanu
11%
LecceST79Massimo Coda
11%
LeonST76Victor Davila
11%
KristiansundST74Moses Mawa
0%
Yokohama FCRB76Ryuta Koike
0%

Score Distribution

Percentile by Number Answered

Percent of People with Each Score

Your Score History

You have not taken this quiz